| Tag |
First Indicator |
Second Indicator |
Subfields |
| LEADER |
00000cam a2200000 4500 |
| 001 |
in00000043718 |
| 005 |
20151007074955.0 |
| 008 |
770513s1952 enka 00100 eng |
| 010 |
|
|
|a 52004621
|
| 035 |
|
|
|a (OCoLC)02960697
|
| 035 |
|
|
|9 AAF2414AM
|
| 040 |
|
|
|a DLC
|c GAT
|d TXA
|d UtOrBLW
|
| 049 |
|
|
|a TXAM
|c 1 [217699]
|c 2 [373842]
|
| 050 |
0 |
0 |
|a TA145
|b .H215
|
| 082 |
0 |
|
|a 620
|
| 092 |
|
|
|a 620
|b H227c
|
| 100 |
1 |
|
|a Hammond, Rolt.
|
| 245 |
1 |
0 |
|a Civil engineering plant and methods.
|
| 264 |
|
1 |
|a London :
|b Benn,
|c [1952]
|
| 300 |
|
|
|a 229 pages :
|b illustrations ;
|c 22 cm.
|
| 336 |
|
|
|a text
|b txt
|2 rdacontent
|
| 337 |
|
|
|a unmediated
|b n
|2 rdamedia
|
| 338 |
|
|
|a volume
|b nc
|2 rdacarrier
|
| 650 |
|
0 |
|a Civil engineering.
|
| 999 |
|
|
|a MARS
|
| 999 |
f |
f |
|s 32e6761b-e2ee-3e2b-af4d-0aec8f76a043
|i 4196a5ca-34b5-39c1-bc8b-fc33000f507b
|t 0
|
| 952 |
f |
f |
|p ric
|a Texas A&M University
|b Rellis Campus
|c Joint Library Facility
|d Remote Storage
|t 0
|e TA145 .H215
|h Library of Congress classification
|i unmediated -- volume
|m A14801031637
|
| 998 |
f |
f |
|a TA145 .H215
|t 0
|l Remote Storage
|